IDOC International : número 37 /

IDOC International (por las siglas en inglés) se refiere al Centro Internacional de Documentación sobre la Iglesia Contemporánea, fundado en Roma en 1965, al fin del Concilio Vaticano Segundo y reorganziado en 1968, a raíz de los resultados de la Asamblea del Consejo Ecuménico de Iglesias, para trab...

Descripción completa

Guardado en:
Detalles Bibliográficos
Otros autores: Alting von Geusau, Léo (dirección) (dirección)
Formato: Libro
Idioma:Francés
Temas:
Etiquetas: Agrega una etiqueta
Sin etiquetas, Sé el primero en etiquetar este registro!

MARC

LEADER 00000nam^a2200000^a^4500
001 000182485
005 20250521000000.0
009 20260310102007.476
037 |a Acervo ITESO - Biblioteca 
041 |a FRA 
082 |a 261. 05  |b IDO 1970 V. 37 
240 1 1 |a [IDOC International, Revue Interconfessionnell de Documentation] 
245 1 0 |a IDOC International :  |b número 37 /  |c Dir. de L. Alting von Geusau. 
264 |a París, Francia :  |b Editions du Seuil,  |c 1970 
300 |a 95 p. 
336 |a texto  |b txt  |2 rdacontenido 
337 |a sin mediación  |b n  |2 rdamedio 
338 |a volumen  |b nc  |2 rdasoporte 
520 |a IDOC International (por las siglas en inglés) se refiere al Centro Internacional de Documentación sobre la Iglesia Contemporánea, fundado en Roma en 1965, al fin del Concilio Vaticano Segundo y reorganziado en 1968, a raíz de los resultados de la Asamblea del Consejo Ecuménico de Iglesias, para trabajar sobre una base interconfesional. Este grupo de trabajo es internacional conformado por cerca de 250 expertos quienes representan a casi 40 países. A través de su publicación periódica quincenal se difunde únicamente información y documentos que conciernen a problemas de interés internacional e interconfesional, dentro del mundo cristiano contemporáneo. Este número presenta los siguientes artículos: Nueva edad de oro o guerra civil? Presentación de un grupo americano ; Colonias portugueas y clericalismo; El MICAR presentación de un grupo argentino; Los superiores religiosos contestan. Un estudio sobre el enfrentamiento de dos eclesiologías. Reflexiones teológicas sobre el asunto de Vandalino, comunidad de base en Napoles, Italia. 
649 |a XX 
650 |a Iglesia y Problemas Sociales -  |x Publicaciones Periódicas Francesas 
650 |a Colonialismo -  |z Portugal 
650 |a Movimientos Religiosos -  |z Argentina 
650 |a Comunidades Eclesiales de Base -  |z Italia 
650 |a Eclesiología -  |z Italia 
650 |a Autoridad (Religión) 
650 |a Iglesia Católica en Italia -  |x Historia 
650 |a Sociología de la Religión 
650 |a Cristianismo 
650 |a Religión 
650 |a Publicaciones Periódicas Francesas 
700 |a Alting von Geusau, Léo  |e (dirección) 
910 |a Fondo General 
920 |a Impresos - Libros 
930 |a Colección General 
905 |a 101 
901 |a 0500122084  |b IT1  |c ACC  |u 20250521 
902 |a https://opac.biblio.iteso.mx/vufind/Record/000182485